| 000 -ლიდერი |
| ფიქსირებული სიგრძის საკონტროლო ველი |
00985nam a2200217Ia 4500 |
| 001 - საკონტროლო ნომერი |
| საკონტროლო ველი |
11028 |
| 003 - საკონტროლო ნომრის იდენტიფიკატორი |
| საკონტროლო ველი |
GE_BSU |
| 005 - ბოლო ოპერაციის თარიღი და დრო |
| საკონტროლო ველი |
20230523154753.0 |
| 008 - ფიქსირებული სიგრძის მონაცემთა ელემენტები - ზოგადი ინფორმაცია |
| ფიქსირებული სიგრძის საკონტროლო ველი |
181216s1987||||ge |||||||||||||| ||geo|| |
| 040 ## - კატალოგიზაციის წყარო |
| Transcribing agency |
GE_BSU |
| 041 ## - ენის კოდი |
| Language code of text/sound track or separate title |
geo |
| 080 ## - უნივერსალური ათობითი კლასიფიკაციის ინდექსი |
| Universal Decimal Classification number |
030=353.1 ქ-27 |
| 245 ## - ცნობა სათაურის შესახებ |
| Title |
ქართული საბჭოთა ენციკლოპედია : |
| Remainder of title |
ტ.11. შინდი–ჰუხი / |
| Statement of responsibility, etc |
მთ. რედ.: ირ. აბაშიძე [და სხვ.]. |
| 264 ## - წარმოების, გამოცემის, დისტრიბუციის და სხვა ცნობები |
| გამოცემის, წარმოების, დისტრიბუციის... ადგილი |
თბილისი : |
| გამოცემის, წარმოების, დისტრიბუციის... სახელწოდება |
მთ. სამეცნ. რედაქცია, |
| გამოცემის, წარმოების, დისტრიბუციის... თარიღი |
1987. |
| 300 ## - ფიზიკური აღწერა |
| Extent |
699 გვ.; |
| Other physical details |
ილ., რუკა, სქ. |
| Dimensions |
27 სმ. |
| 300 ## - ფიზიკური აღწერა |
| Other physical details |
ილ; რუკა |
| 300 ## - ფიზიკური აღწერა |
| Accompanying material |
ბეჭდვითი სიტყვის კომბინატი |
| 653 ## - INDEX TERM--UNCONTROLLED |
| Uncontrolled term |
ქართული საბჭოთა ენციკლოპედია |
| 700 ## - ADDED ENTRY--PERSONAL NAME |
| Personal name |
აბაშიძე, ირაკლი |
| Relator term |
რედაქტორი |
| 9 (RLIN) |
18189 |
| 942 ## - ADDED ENTRY ELEMENTS (KOHA) |
| Koha item type |
წიგნი |
| Source of classification or shelving scheme |
|